| 000 | 00400nam a2200157Ia 4500 | ||
|---|---|---|---|
| 008 | 230312s9999||||xx |||||||||||||| ||und|| | ||
| 020 | _a0-07-116756-0 | ||
| 082 |
_a511 _bROS-D |
||
| 100 | _aRosen Kenneth, H. | ||
| 245 | 0 | _aDiscrete Mathematics and Its Applications | |
| 260 |
_bMcGraw Hill _aNew York _c1999 |
||
| 300 | _a678 | ||
| 546 | _aEng. | ||
| 650 |
_aEngineering _vEngineering |
||
| 942 | _cBK | ||
| 999 |
_c3722 _d3722 |
||